Textiles of ancient Peru and their techniques (Record no. 10195)

MARC details
000 -CABECERA
campo de control de longitud fija 00957nam a2200289 a 4500
001 - NÚMERO DE CONTROL
campo de control BRL_1384
005 - FECHA Y HORA DE LA ÚLTIMA TRANSACCIÓN
campo de control 20190320211158.0
008 - DATOS DE LONGITUD FIJA--INFORMACIÓN GENERAL
campo de control de longitud fija 100114s1962----u--ao#####---#000-0#eng-#
020 ## - NÚMERO INTERNACIONAL ESTÁNDAR DEL LIBRO
Número Internacional Estándar del Libro 0295953349
041 ## - CÓDIGO DE LENGUA
Código de lengua del texto/banda sonora o título independiente eng
044 ## - CÓDIGO DEL PAÍS DE LA ENTIDAD EDITORA/PRODUCTORA
Código MARC del país u
050 #4 - SIGNATURA TOPOGRÁFICA DE LA BIBLIOTECA DEL CONGRESO
Número de clasificación TS1352
Número de documento/Ítem .H37 1962
100 1# - ENTRADA PRINCIPAL--NOMBRE DE PERSONA
Nombre de persona Harcourt, Raoul d’
9 (RLIN) 15173
245 10 - MENCIÓN DE TÍTULO
Título Textiles of ancient Peru and their techniques
Mención de responsabilidad, etc. By Raoul D´Harcourt ; edited by Grace G. Denny and Carolyn M. Osborno ; translated by Sadie Brown.
260 ## - PUBLICACIÓN, DISTRIBUCIÓN, ETC.
Lugar de publicación, distribución, etc. Seattle
Nombre del editor, distribuidor, etc. University of Washington
Fecha de publicación, distribución, etc. 1962
300 ## - DESCRIPCIÓN FÍSICA
Extensión xvii, 186 p.
Otras características físicas il., 117 láminas
Dimensiones 28 cm.
500 ## - NOTA GENERAL
Nota general Au1628
504 ## - NOTA DE BIBLIOGRAFÍA, ETC.
Nota de bibliografía, etc. Bibliografía: p. 141-146
650 14 - PUNTO DE ACCESO ADICIONAL DE MATERIA--TÉRMINO DE MATERIA
Término de materia o nombre geográfico como elemento de entrada Industria textil
Subdivisión geográfica Perú
9 (RLIN) 26717
650 14 - PUNTO DE ACCESO ADICIONAL DE MATERIA--TÉRMINO DE MATERIA
Término de materia o nombre geográfico como elemento de entrada Industria textil indígena
Subdivisión geográfica Perú
9 (RLIN) 26718
650 14 - PUNTO DE ACCESO ADICIONAL DE MATERIA--TÉRMINO DE MATERIA
Término de materia o nombre geográfico como elemento de entrada Telas
Subdivisión geográfica Perú
9 (RLIN) 26719
700 1# - PUNTO DE ACCESO ADICIONAL--NOMBRE DE PERSONA
Nombre de persona Denny, Grace G.
Término indicativo de función/relación ed.
9 (RLIN) 26720
700 1# - PUNTO DE ACCESO ADICIONAL--NOMBRE DE PERSONA
Nombre de persona Osborne, Carolyn M.
Término indicativo de función/relación ed.
9 (RLIN) 26721
700 1# - PUNTO DE ACCESO ADICIONAL--NOMBRE DE PERSONA
Nombre de persona Brown, Sadie
Término indicativo de función/relación tr.
9 (RLIN) 26722
902 ## - CATALOGADOR
Iniciales GRL
942 ## - ELEMENTOS DE PUNTO DE ACCESO ADICIONAL (KOHA)
Fuente del sistema de clasificación o colocación Library of Congress Classification
Tipo de ítem Koha Libros
Holdings
Estado de retiro Estado de pérdida Estado dañado No para préstamo Localización permanente Ubicación/localización actual Fecha de adquisición Número de inventario Total de préstamos Signatura topográfica completa Código de barras Fecha visto por última vez Precio válido a partir de Tipo de ítem Koha
El ejemplar forma parte de la colección y puede ser consultado según las políticas vigentes.       Biblioteca Centro de Estudios Ruth D. Lechuga Biblioteca Centro de Estudios Ruth D. Lechuga 10/01/2014 Au1628   TS1352 .H37 1962 (Au1628) GRL01542 22/03/2019 22/03/2019 Libros